000 00589nam a2200229Ia 4500
003 OSt
005 20220924132749.0
006 a|||||r|||| 00| 0
007 ta
008 220923b |||||||| |||| 00| 0 urd d
024 _a250169
037 _cTextual
040 _aARTS
_cARTS
_burd
041 _2urd
_aurd
082 _aO168,1M89:g, M4
100 _aKhan Zaman Ali
_9204969
245 0 _aJigar Muradabadi
_b Ek almi shayar
260 _c1984
650 _aURDU POETRY
942 _hO168,1M89:g, M4
_cTEXL
_2CC
999 _c431516
_d431516